<?xml version="1.0" encoding="UTF-8"?>
<record
    xmlns:xsi="http://www.w3.org/2001/XMLSchema-instance"
    xsi:schemaLocation="http://www.loc.gov/MARC21/slim http://www.loc.gov/standards/marcxml/schema/MARC21slim.xsd"
    xmlns="http://www.loc.gov/MARC21/slim">

  <leader>     nam a22     7a 4500</leader>
  <datafield tag="999" ind1=" " ind2=" ">
    <subfield code="c">56633</subfield>
    <subfield code="d">56633</subfield>
  </datafield>
  <controlfield tag="003">OSt</controlfield>
  <controlfield tag="005">20230520100303.0</controlfield>
  <controlfield tag="008">230520b        xxu||||| |||| 00| 0 eng d</controlfield>
  <datafield tag="040" ind1=" " ind2=" ">
    <subfield code="c">IIMT UNIVERSITY</subfield>
  </datafield>
  <datafield tag="100" ind1=" " ind2=" ">
    <subfield code="a">BAYYA SUBHA RAO</subfield>
  </datafield>
  <datafield tag="245" ind1=" " ind2=" ">
    <subfield code="a">PHARMACEUTICAL RESEARCH METHODOLOGY AND BIOSTATICS</subfield>
  </datafield>
  <datafield tag="300" ind1=" " ind2=" ">
    <subfield code="a">335</subfield>
  </datafield>
  <datafield tag="942" ind1=" " ind2=" ">
    <subfield code="2">ddc</subfield>
    <subfield code="c">01</subfield>
  </datafield>
  <datafield tag="952" ind1=" " ind2=" ">
    <subfield code="0">0</subfield>
    <subfield code="1">0</subfield>
    <subfield code="2">ddc</subfield>
    <subfield code="4">0</subfield>
    <subfield code="7">0</subfield>
    <subfield code="a">02</subfield>
    <subfield code="b">02</subfield>
    <subfield code="d">2023-05-20</subfield>
    <subfield code="e">ARISTA</subfield>
    <subfield code="g">495.00</subfield>
    <subfield code="i">HO/IN/18(04/05/2023)</subfield>
    <subfield code="o">616.0072(BAY)</subfield>
    <subfield code="p">02-B-13561</subfield>
    <subfield code="r">2023-05-20</subfield>
    <subfield code="w">2023-05-20</subfield>
    <subfield code="y">06</subfield>
  </datafield>
  <datafield tag="952" ind1=" " ind2=" ">
    <subfield code="0">0</subfield>
    <subfield code="1">0</subfield>
    <subfield code="2">ddc</subfield>
    <subfield code="4">0</subfield>
    <subfield code="7">0</subfield>
    <subfield code="a">02</subfield>
    <subfield code="b">02</subfield>
    <subfield code="d">2023-05-20</subfield>
    <subfield code="e">ARISTA</subfield>
    <subfield code="g">495.00</subfield>
    <subfield code="i">HO/IN/18(04/05/2023)</subfield>
    <subfield code="l">2</subfield>
    <subfield code="m">1</subfield>
    <subfield code="o">616.0072(BAY)</subfield>
    <subfield code="p">02-B-13562</subfield>
    <subfield code="r">2023-06-20</subfield>
    <subfield code="s">2023-05-31</subfield>
    <subfield code="w">2023-05-20</subfield>
    <subfield code="y">01</subfield>
  </datafield>
  <datafield tag="952" ind1=" " ind2=" ">
    <subfield code="0">0</subfield>
    <subfield code="1">0</subfield>
    <subfield code="2">ddc</subfield>
    <subfield code="4">0</subfield>
    <subfield code="7">0</subfield>
    <subfield code="a">02</subfield>
    <subfield code="b">02</subfield>
    <subfield code="d">2023-05-20</subfield>
    <subfield code="e">ARISTA</subfield>
    <subfield code="g">495.00</subfield>
    <subfield code="i">HO/IN/18(04/05/2023)</subfield>
    <subfield code="l">1</subfield>
    <subfield code="m">1</subfield>
    <subfield code="o">616.0072(BAY)</subfield>
    <subfield code="p">02-B-13563</subfield>
    <subfield code="r">2023-06-23</subfield>
    <subfield code="s">2023-05-25</subfield>
    <subfield code="w">2023-05-20</subfield>
    <subfield code="y">01</subfield>
  </datafield>
  <datafield tag="952" ind1=" " ind2=" ">
    <subfield code="0">0</subfield>
    <subfield code="1">0</subfield>
    <subfield code="2">ddc</subfield>
    <subfield code="4">0</subfield>
    <subfield code="7">0</subfield>
    <subfield code="a">02</subfield>
    <subfield code="b">02</subfield>
    <subfield code="d">2023-05-20</subfield>
    <subfield code="e">ARISTA</subfield>
    <subfield code="g">495.00</subfield>
    <subfield code="i">HO/IN/18(04/05/2023)</subfield>
    <subfield code="l">3</subfield>
    <subfield code="m">2</subfield>
    <subfield code="o">616.0072(BAY)</subfield>
    <subfield code="p">02-B-13564</subfield>
    <subfield code="r">2024-05-30</subfield>
    <subfield code="s">2024-05-30</subfield>
    <subfield code="w">2023-05-20</subfield>
    <subfield code="y">01</subfield>
  </datafield>
  <datafield tag="952" ind1=" " ind2=" ">
    <subfield code="0">0</subfield>
    <subfield code="1">0</subfield>
    <subfield code="2">ddc</subfield>
    <subfield code="4">0</subfield>
    <subfield code="7">0</subfield>
    <subfield code="a">02</subfield>
    <subfield code="b">02</subfield>
    <subfield code="d">2023-05-20</subfield>
    <subfield code="e">ARISTA</subfield>
    <subfield code="g">495.00</subfield>
    <subfield code="i">HO/IN/18(04/05/2023)</subfield>
    <subfield code="l">1</subfield>
    <subfield code="o">616.0072(BAY)</subfield>
    <subfield code="p">02-B-13565</subfield>
    <subfield code="r">2024-08-10</subfield>
    <subfield code="s">2024-06-15</subfield>
    <subfield code="w">2023-05-20</subfield>
    <subfield code="y">01</subfield>
  </datafield>
</record>
